[Event "AUT-ch U16 Girls"]
[Site "Marz"]
[Date "2013.03.25"]
[Round "3"]
[White "Berger, Lisa"]
[Black "Mladek, Carla"]
[Result "1/2-1/2"]
[WhiteElo "1521"]
[BlackElo "1503"]
[PlyCount "82"]
[EventDate "2013.03.24"]
[EventType "swiss"]
[EventRounds "7"]
[EventCountry "AUT"]
[SourceTitle "EXT 2015"]
[Source "ChessBase"]
[SourceDate "2014.11.20"]
[SourceVersion "1"]
[SourceVersionDate "2014.11.20"]
[SourceQuality "1"]

1. e4 c5 2. Nf3 d6 3. d4 cxd4 4. Nxd4 e5 5. Nb3 Nf6 6. Nc3 Be6 7. Bd3 Be7 8. h3 0-0 9. Be3 Nbd7 10. Qd2 Nb6 11. 0-0-0 d5 12. exd5 Nbxd5 13. Nxd5 Qxd5 14. f3 b6 15. Bg5 Rad8 16. Qe3 Bc5 17. Qe2 Qc6 18. Qxe5 Bxb3 19. axb3 Rfe8 20. Qc3 Nd5 21. Qc4 Be3+ 22. Bxe3 Qxc4 23. Bxc4 Nxe3 24. Rxd8 Rxd8 25. g4 Nxc4 26. bxc4 f6 27. Rd1 Rc8 28. b3 Kf8 29. Rd7 a6 30. Ra7 a5 31. Rb7 Rc6 32. Kd2 h6 33. Kd3 Rd6+ 34. Ke3 Re6+ 35. Kf4 Re2 36. h4 Rxc2 37. Rxb6 Rc3 38. Rb5 g5+ 39. hxg5 fxg5+ 40. Ke4 a4 41. bxa4 Rxc4+ 1/2-1/2